|
|
|
|
| LEADER |
00972naa a2200337 a 4500 |
| 001 |
000058921 |
| 003 |
SVKKK |
| 005 |
20060331123853.0 |
| 008 |
060331c2003 xr e cze |
| FMT |
|
|
|
| 038 |
|
|
|a SVKKK
|
| 040 |
|
|
|a SVKKK
|b slo
|e AACR2
|
| 041 |
0 |
|
|a cze
|
| 044 |
|
|
|a xr
|c SK
|
| 080 |
|
|
|a 622.788:662.642
|2 1997
|
| 080 |
|
|
|a 662.642
|2 1997
|
| 100 |
1 |
|
|a Sedláček, Pavel
|4 aut
|
| 245 |
1 |
0 |
|a Ekologické pelety z hnědého uhlí a biomasy
|c Pavel Sedláček ... [et al.]
|
| 300 |
|
|
|b Obr., tab.
|
| 504 |
|
|
|a Bibliogr. odkazy
|
| 650 |
0 |
4 |
|a palivo hnedouhoľné aditivované
|
| 650 |
0 |
4 |
|a pelety ekologické
|x uhlie hnedé
|x biomasa
|
| 700 |
1 |
|
|a Fečko, Peter
|4 aut
|
| 700 |
1 |
|
|a Valeš, Josef
|4 aut
|
| 700 |
1 |
|
|a Čablík, Vladimír
|4 aut
|
| 773 |
0 |
|
|t Recyklace odpadů VII
|d Ostrava : Vysoká škola báňská - Technická univerzita, 2003
|z 80-248-0245-7
|g S. 45-48
|
| 958 |
|
|
|a NB
|
| 992 |
|
|
|a RZB
|
| BAS |
|
|
|
| 852 |
|
|
|a SVKKK
|b BIB
|
| 998 |
|
|
|a BAN
|